000 00412nam a22001697a 4500
003 OSt
008 250403b |||||||| |||| 00| 0 eng d
020 _a9789357784238
082 _a657.42 GUC
100 _aGUPTA, Sneh Lata
245 _aCost Accounting
250 _aIst. ed.,
260 _aNew Delhi,
_bTaxmann's Publications Pvt. Ltd.
_c2024,
300 _aMISC.
650 _aCommerce
942 _2ddc
_cREF
999 _c13240
_d13240